All Modern Talking Songs- Wszystkie piosenki Modern Talking - Statystyki

Ogólne statystyki
  • Ten quiz został rozwiązany 14 razy
  • Średni wynik to 49 z 187
Statystyki odpowiedzi
Album Piosenka % Poprawnych
The 1st album You're my heart You're my soul
100%
Ready for romance Brother Louie
83%
Let's talk about love Cheri cheri lady
83%
In the middle of nowhere Geronimo's Cadillac
75%
1985 You can win if you want
67%
Atlantis is calling (S.O.S for love)
58%
Lucky Guy
50%
1999 Sexy sexy lover
50%
Bells of Paris
42%
Diamonds never made a lady
42%
In the garden of Venus In 100 years
42%
Romantic warriors Jet airliner
42%
There's too much blue in missing you
42%
Alone You are not alone
42%
Atlantis is calling - new version
33%
Brother Louie '98
33%
Cheri cheri lady - new version
33%
2000- Year of the dragon China in her eyes
33%
China in her eyes (feat. Eric Singleton)
33%
Don't give up
33%
2000 Don't take away my heart
33%
Do you wanna
33%
Let's talk about love
33%
Lonely tears in chinatown
33%
No 1 hit medley
33%
One in a million
33%
The night is yours The night is mine
33%
Wild wild water
33%
America Win the race
33%
You can win if you want - new version
33%
Angie's heart
25%
Anything is possible
25%
Arabian gold
25%
A telegram to your heart
25%
Atlantis is calling (S.O.S for love) - extended version
25%
Blinded by your love
25%
Charlene
25%
Remix album Cheri cheri lady - special dance version
25%
Doctor for my heart
25%
1987 Don't let it get you down
25%
Don't let me go
25%
Don't lose my number
25%
Don't play with my heart
25%
Don't take away my heart (feat. Eric Singleton)
25%
Don't worry
25%
Down on my knees
25%
Fly to the moon
25%
Geronimo's cadillac - long vocal version
25%
Geronimo's cadillac - new version
25%
Give me peace on Earth
25%
Good girls go to heaven-bad girls go everywhere
25%
Heaven will know
25%
Hey you
25%
In 100 years - new version
25%
In shaire
25%
It's Christmas
25%
Jet airliner - new version
25%
Juliet
25%
Juliet - Jeo's remix
25%
Just like an angel
25%
1986 Just we two (Mona Lisa)
25%
Keep love alive
25%
Lady Lai
25%
2001 Last exit to Brooklyn
25%
1987 Like a hero
25%
Locomotion tango
25%
Love don't live here anymore
25%
No face no name no number
25%
Only love can break my heart
25%
Operator gimme 609
25%
Princess of the night
25%
Victory Ready for the victory
25%
Ready for the victory - alternative radio version
25%
1986 Riding on a white swan
25%
Romantic warriors
25%
Save me don't break me
25%
Sexy sexy lover (feat. Eric Singleton)
25%
Slow motion
25%
Stranded in the middle of nowhere
25%
Sweet little Sheila
25%
Ten thousand lonely drums
25%
The angels sing in New York City
25%
Universe TV makes the superstar
25%
We still have dreams
25%
When the sky rained fire
25%
Who will save the world
25%
Why did you do it just tonight
25%
Win the race - Scooter remix
25%
1985 With a little love
25%
You and me
25%
2008 You are not alone (feat. Eric Singleton)
25%
You can win if you want - special dance version
25%
Back for good You're my heart You're my soul '98
25%
You're my heart You're my soul - extended version
25%
You're the lady of my heart
25%
10 seconds to countdown
17%
After your love is gone
17%
America
17%
Angie's heart - new version
17%
Atlantis is calling - new version 2017
17%
Blackbird
17%
Blue eyed coloured girl
17%
Brother Louie '98 (feat. Eric Singleton)
17%
Back for gold Brother Louie - new version 2017
17%
Can't get enough
17%
Can't let you go
17%
Cheri cheri lady - new version 2017
17%
Cinderella girl
17%
Cosmic girl
17%
Don't let me down
17%
Don't make me blue
17%
Everybody needs somebody
17%
Fight for the right love
17%
Fly to the moon (feat. Eric Singleton)
17%
For a life time
17%
For always and ever
17%
From coast to coast
17%
Geronimo's cadillac - new version 2017
17%
Girl out of my dreams
17%
Give me peace on Earth - new version
17%
Heart of an angel
17%
Higher than heaven
17%
How you mend a broken heart
17%
I can't give you more
17%
If I...
17%
I'll never fall in love again
17%
2002 I'm gonna be strong
17%
I'm no Rockefeller
17%
I'm not guilty
17%
It hurts so good
17%
It's your smile
17%
I will follow you
17%
Just close your eyes
17%
Knocking on my door
17%
Lady Lai - new version
17%
Life is too short
17%
Love is forever
17%
Love is like a rainbow
17%
Love to love you
17%
Maria
17%
Modern Talking megamix 2000
17%
Mrs. Robota
17%
My lonely girl
17%
2003 Mystery
17%
New York City girl
17%
Nothing but the truth
17%
Part time lover
17%
Rain in my heart
17%
Rouge et noire
17%
Send me a letter from heaven
17%
Shooting star
17%
Should I, would I, could I
17%
SMS to my heart
17%
Space mix
17%
Summer in December
17%
Superstar
17%
Taxi girl
17%
There's something in the air
17%
Time is on my side
17%
Walking in the rain of Paris
17%
We are children of the world
17%
We take the chance
17%
Who will be there
17%
Who will love you like I do
17%
Why does it feel so good
17%
Witchqueen of Eldorado
17%
You can win if you want - new version 2017
17%
1998 You're my heart You're my soul '98 (feat. Eric Singleton)
17%
2017 You're my heart You're my soul - new version 2017
17%
You're not Lisa
17%
All I have
8%
Avec toi
8%
I'll never give you up
8%
I'm so much in love
8%
I need you now
8%
Run to you
8%
TV makes the superstar - extended version
8%
Nie znaleziono quizów pasujących do podanych kryteriów
Rozkład punktacji
Procent ludzi z każdym wynikiem
Percentyl według liczby udzielonych odpowiedzi
Twoja historia wyników
Nie rozwiązałeś tego quizu